000 00585nam a22001817a 4500
008 160805b xxu||||| |||| 00| 0 eng d
020 _a074944407X
082 _22006
_aDC 659.2014
_bG82e
100 _912322
_aGreen, Andy
245 _aEffective communication skills for public relations/
_cAndy Green.
260 _aLondon:
_bKogan Page,
_cc2006.
300 _axvii, 219 pages;
_c24 cm.
500 _aIncludes bibliographical references and index.
650 0 _912323
_aCommunication in management
650 0 _912324
_aPublic relations
365 _aPhp
_b3320.00
942 _2ddc
_cDC
999 _c3700
_d3700